Estudio termo-magnetico de materiales con efecto magnetocalorico gigante

Uloženo v:
Podrobná bibliografie
Hlavní autor: Tocado Martinez, Leticia
Médium: Elektronický zdroj E-kniha
Jazyk:španělština
francouzština
Vydáno: Zaragoza : Prensas Universitarias de Zaragoza, 2008.
Vydání:1a. ed.
Edice:Coleccion de Estudios de Fisica ; 73.
Digitalia eBook Collection: Prensas Universitarias de Zaragoza
Témata:
On-line přístup:Digitalia Hispánica
Tagy: Přidat tag
Žádné tagy, Buďte první, kdo vytvoří štítek k tomuto záznamu!

MARC

LEADER 00000nam a2200000Ia 4500
001 DIGPUZ3973
003 NyNyDIG
006 m d
007 cr |||||||||||
008 120225s2008 sp o 000 0 spa
020 |z 9788477339908 (pbk.) 
020 |z 8477339902 (pbk.) 
040 |a DGITA  |b eng  |e pn  |c DGITA 
041 1 |a spa  |h fre 
050 0 4 |a QC621 ebook 
100 1 |a Tocado Martinez, Leticia. 
245 1 0 |a Estudio termo-magnetico de materiales con efecto magnetocalorico gigante   |h [electronic resource] /  |c Leticia Tocado Martinez. 
250 |a 1a. ed. 
260 |a Zaragoza :  |b Prensas Universitarias de Zaragoza,   |c 2008.  |e (New York, NY. :  |f Digitalia Inc,   |g 2012). 
300 |a 1 online resource (xvi, 259 p.) :  |b ill., some col. 
490 1 |a Coleccion de Estudios de Fisica ;  |v 73. 
505 0 |a Efecto magnetocalorico y capacidad calorifica -- Tecnicas experimentales -- Determinacion experimental de los parametros de efecto magnetocalorico -- Serie Tb5(SixGe1¡x)4 -- MnAs y serie MnAs1¡xSbx 113 -- Efecto magnetocalorico inverso -- Conclusiones. 
504 |a Includes bibliographical references (p. [251]-259). 
506 |a Access restricted to subscribing institutions. 
650 0 |a Thermomagnetism. 
650 0 |a Magnetic materials  |x Thermal properties. 
655 0 |a Electronic books. 
791 2 |a Digitalia (Firm),  |e distributor. 
830 0 |a Coleccion de Estudios de Fisica ;  |v 73. 
830 0 |a Digitalia eBook Collection: Prensas Universitarias de Zaragoza 
856 4 0 |3 Digitalia Hispánica  |u https://digitalia.unach.elogim.com/a/6296/